000
00259nam a22001097a 4500
082
_a
621 TUV'E
100
_a
TUVE, G. L,DOMHOLDH, L. C
_9
78501
245
_a
ENGINEERING EXPERIMENTATION
260
_a
NEWYORK
_b
MCGRAW HILL
_c
1966
300
_a
644P
942
_c
BK
999
_c
583611
_d
583611